Responses for Show #7130 - Friday, September 18, 2015

Contestants

[<< previous game]

Tina Uihlein, a table game dealer originally from Ballwin, Missouri

Eric Matheis, a lecturer from New York, New York

Natalie Lips, an office assistant from Lincoln, Nebraska (whose 1-day cash winnings total $13,200)

[next game >>]

Jeopardy! Round responses

THE OED SAYS...
(Alex: The Oxford English Dictionary, of course.)
PRESIDENTIAL BOOKS
THE ____ OF ____
RATERS GONNA RATE
AFRICAN GEOGRAPHY
TALK LIKE A PIRATE
    $200 1
(Alex: How 'bout the word [*]? You don't want to overcomplicate the first clue in each category.)

clue

Triple Stumper
    $200 5
Jimmy Carter

Natalie
    $200 16
(Alex: That's the blank-of-blank.)

the Library of Congress

Tina
    $200 26
AAA

Eric
    $200 21
the Kalahari

Eric
    $200 9
Pirates of the Caribbean

Tina
    $400 2
rabbi

Tina
    $400 6
(Alex: The man from Hope was [*].)

Bill Clinton

Triple Stumper
    $400 17
the Sea of Japan

Natalie
    $400 27
[The end-of-round signal sounds.]

Rotten Tomatoes

Natalie
    $400 22
Carthage

Eric
    $400 10
(Alex: Yes, great film!)

The Princess Bride

Tina
    $600 3
hike

Natalie
    $600 7
Teddy Roosevelt

Tina
    $600 18
the Legend of Ron Burgundy

Natalie
    $600 23
(Alex: [*]--we'll accept that.)
...
(Alex: With less than a minute to go now.)

continental plate

Natalie
    $600 11
Pirates of Penzance

Tina
    $800 4
(Eric: What is Ti?)

La

Eric
Triple Stumper
    $800 14
Ulysses Grant

Triple Stumper
    $800 19
the Book of Mormon

Eric
    $500 24
Lake Victoria

Natalie
    $800 12
Captain Hook

Natalie
    $1000 8
fop

Tina
    $1000 15
Dwight Eisenhower

Natalie
    $1000 20
The Burghers of Calais

Eric
    $1000 25
(Alex: [*] in the Sudan. Yes.)

Khartoum

Eric
    $1000 13
Captain Blood

Triple Stumper

Scores at the first commercial break (after clue 15):

Natalie Eric Tina
$2,600 -$800 $3,200

Scores at the end of the Jeopardy! Round:

Natalie Eric Tina
$5,100 $2,800 $3,400

Double Jeopardy! Round responses

SMART PEOPLE
POP
ALL IN A "ROW"
LAND IN THE SOLAR SYSTEM
(Alex: You tell us where.)
DYSTOPIAN LIT
THE DETERGENT SERIES
    $400 1
Galileo

Natalie
    $400 12
Adam Levine

Tina
    $400 7
tomorrow

Eric
    $400 20
Mars

Natalie
    $400 2
(Alex: That's the novel.)

Brave New World

Eric
    $400 23
the collar

Tina
    $800 8
England & Scotland

Eric
    $800 13
Carrie Underwood

Tina
    $800 17
Heathrow

Natalie
    $800 21
(Tina: What is Mars?)

the Moon

Tina
Triple Stumper
    $800 3
Hunger Games

Tina
    $800 24
stain fighting

Eric
    $1200 9
(Tina: What is the Minority Report?)

dissenting opinions (or dissents)

NatalieTina
    $1200 14
Lady Gaga

Natalie
    $1200 18
a crowbar

Natalie
    $1200 4
A Clockwork Orange

Natalie
    $1200 25
(Alex: With a minute to go, you are right.)

All

Tina
    $1600 10
Square

Tina
    $1600 15
Fall Out Boy

Natalie
    $1600 19
marrow

Eric
    $2,000 29
[The end-of-round signal sounds.]

Mercury

Natalie
    $1600 5
The Handmaid's Tale (A Handmaid's Tale accepted)

Eric
    $1600 26
high-efficiency

Natalie
    $2,000 11
(Tina: [Shakes head] I don't know.)
(Alex: Named for [*], the subject of a very excellent film this past year.)

Alan Turing

Tina
    $2000 16
Waka Waka

Tina
    $2000 22
farrow

Eric
    $2000 28
(Alex: [*], because it's covered in clouds.)

Venus

Natalie
    $2000 6
[Alex reads "Y.A." as "young adult.]

The Giver

Natalie
    $2000 27
Dreft

Natalie

Scores at the end of the Double Jeopardy! Round:

Natalie Eric Tina
$22,700 $10,400 $6,600
(lock game)

[wagering suggestions for these scores]

Final Jeopardy! Round responses

ALPHABETS
TinaWhat is Xi?
$2,000
EricWhat is Xi?
$2,800
NatalieWhat is Xi?
$500
Xi

Final scores:

Natalie Eric Tina
$23,200 $13,200 $8,600
2-day champion: $36,400 2nd place: $2,000 3rd place: $1,000

Game dynamics:

Coryat scores:

Natalie Eric Tina
$22,600 $10,400 $8,600
22 R
(including 2 DDs),
0 W
13 R,
1 W
14 R,
3 W
(including 1 DD)

Combined Coryat: $41,600

[game clues] [game scores] [suggest correction]

Game tape date: 2015-08-25
The J! Archive is created by fans, for fans. Scraping, republication, monetization, and malicious use prohibited; this site may use cookies and collect identifying information. See terms. The Jeopardy! game show and all elements thereof, including but not limited to copyright and trademark thereto, are the property of Jeopardy Productions, Inc. and are protected under law. This website is not affiliated with, sponsored by, or operated by Jeopardy Productions, Inc. Join the discussion at JBoard.tv.